El refugio del fuego /

-д хадгалсан:
Номзүйн дэлгэрэнгүй
Үндсэн зохиолч: Sarabia, Antonio (autor)
Бусад зохиолчид: Mordzinski, Daniel (fotógrafo) (fotógrafo)
Формат: Ном
Хэл сонгох:испани
Хэвлэсэн: México : Ediciones B, 2003, c2003
Шошгууд: Шошго нэмэх
Шошго байхгүй, Энэхүү баримтыг шошголох эхний хүн болох!

MARC

LEADER 00000nam^a2200000^a^4500
001 000594238
005 20250521000000.0
009 20260310133024.082
020 |a 970-710-215-2 
037 |a Acervo ITESO - Biblioteca 
041 |a ESP 
091 |a FCR. 01666 
100 |a Sarabia, Antonio  |e (autor) 
245 1 3 |a El refugio del fuego / 
264 4 |a México :  |b Ediciones B,  |c 2003, c2003 
300 |a 95 p., [64 p. de láminas] 
336 |a texto  |b txt  |2 rdacontenido 
337 |a sin mediación  |b n  |2 rdamedio 
338 |a volumen  |b nc  |2 rdasoporte 
649 |a XX 
700 |a Mordzinski, Daniel  |e (fotógrafo) 
910 |a Fondo Cristina Romo Gil 
920 |a Impresos - Libros 
930 |a Fondos Especiales 
940 |a Literatura 
905 |a 143 
901 |a 594238-10  |b IT2  |c ESP  |i D121424  |u 20250521 
902 |a https://opac.biblio.iteso.mx/vufind/Record/000594238